000 01077nam a2200301 a 4500
001 75605
003 BD-RjUL
005 20211209082721.0
008 190430m19451966enkacf 000 0 eng
035 _a(BD-RjUL)75823
035 _a(OCoLC)825587
040 _aDLC
_cOClU
_dOCoLC
_dDLC
_dBD-RjUL
_beng
041 _aeng
042 _apremarc
082 _223
_a658
_bURM 1966
100 1 _aUrwick, Lyndall F.
_q(Lyndall Fownes),
_d1891-1983.
_9231397
245 1 4 _aThe making of scientific management /
_cby L. Urwick and E. F. L. Brech.
260 _aLondon :
_bManagement Publications Trust,
_c1945- [reprinted 1951, 1952, 1955-1966
300 _a v.:
_bill.;
_c19 cm.
504 _aBibliography at end of most of the chapters.
505 0 1 _av. 1. Thirteen pioneers --v. 2. Management in British industry --v. 3. The Hawthorne investigations.
650 0 _aIndustrial management
_9231398
650 0 _aIndustries
_zGreat Britain
_9231399
700 1 _aBrech, E. F. L.
_q(Edward Franz Leopold),
_947505
942 _2ddc
_cBK
999 _c75605
_d75605